Les films et téléfilms sur la 1ère Guerre mondiale - Statistiques

Statistiques générales
  • Ce quiz a été pris 16 fois
  • Le résultat moyen est 7 sur 30
Statistiques - réponses
Année Synopsis partiel Titre % Correct
1930 & 1979 Lors de la Première Guerre mondiale, Paul Bäumer et ses amis de classe d'un lycée allemand se décident à s'enrôler volontairement pour répondre aux harangues patriotiques de leur professeur qui les exhorte à défendre la patrie et à se couvrir de gloire. Les uns enthousiastes, les autres ne voulant pas se singulariser. Bien vite, les adolescents se rendent compte qu'il n'y a pas que des bons côtés à la guerre À l'Ouest, rien de nouveau
79%
2019 Deux jeunes soldats britanniques, les caporaux suppléants Will Schofield et Tom Blake, sont chargés par le général Erinmore d'une mission vraisemblablement impossible : les lignes de communication étant coupées, ils vont devoir traverser seuls le no man's land et les lignes ennemies pour délivrer un message au deuxième bataillon du régiment Devonshire, stationné aux environs d'Écoust-Saint-Mein. 1917
57%
2017 En 1920, Albert Maillard, ancien comptable, ancien poilu, qui vient de fuir la France, est interrogé par un officier de la Gendarmerie française, au Maroc, où il a été arrêté. À travers son récit, il raconte son histoire et celle d'Édouard Péricourt, dessinateur génial et fantasque, fils de la haute bourgeoisie politique, orphelin de mère et rejeté par son père, depuis la fin de la Première Guerre mondiale. Au revoir là-haut
57%
2004 Dans les tranchées de la Somme, pendant la Première Guerre mondiale, cinq soldats français sont accusés de s’être automutilés pour échapper à leur devoir. Condamnés à mort par une cour martiale, ils sont conduits jusqu’à un avant-poste nommé Bingo crépuscule1 et abandonnés à leur sort dans le no man's land qui sépare les deux camps. Un long dimanche de fiançailles
57%
2011 Le film raconte l'histoire d'un cheval nommé Joey pendant la Grande Guerre Cheval de guerre
50%
1962 Pendant la Première Guerre mondiale, Thomas Edward Lawrence est lieutenant de la British Army. Il est réputé pour son attitude extravagante. Malgré l'opposition du général Archibald Murray, M. DrydenN 1 du Bureau arabe l'envoie auprès du chérif arabe Fayçal ibn Hussein qui se révolte contre les Turcs de l'Empire ottoman. Lawrence d'Arabie
50%
2005 Une histoire réelle oubliée de l'Histoire elle-même qui se serait passée à Frelinghien, dans le Nord de la France, près de Lille, une fraternisation entre soldats ennemis en 1914 Joyeux Noël
43%
1962 Paris, avant la Première Guerre mondiale. Jim, un Français, et Jules, un Autrichien, sont des amis inséparables. Ils tombent amoureux de la même femme, Catherine, mais c'est Jules que Catherine épouse. Après la guerre, Jim rejoint le couple en Autriche. Catherine avoue qu'elle n'est pas heureuse avec Jules, lequel accepte que sa femme prenne Jim pour amant. Mais Catherine est éternellement insatisfaite et change sans cesse d'avis sur son choix amoureux. Jules et Jim
43%
1971 En 1916, dans la France occupée, le baron Manfred von Richthofen, surnommé « le Baron Rouge », est à la tête d'une escadrille de chasse allemande et est opposé à son rival, l'as canadien Roy Brown. Le Baron Rouge
36%
1996 Le capitaine C. est un guerrier au sens plein du terme : non seulement il se bat d'une manière exceptionnelle mais le fait de vivre en guerre le fait vivre intensément. Capitaine Conan
29%
2001 Le film s'intéresse ici à un aspect particulier de la Première Guerre mondiale : les gueules cassées, ces soldats défigurés par le conflit. L'un d'eux, Adrien, va nouer à l’hôpital d'intenses amitiés avec ses compagnons, mutilés comme lui. La Chambre des officiers
29%
1927 La vie et la mort de l'espionne allemande Mata Hari pendant la Première Guerre mondiale. Mata Hari
29%
1937 Pendant la Première Guerre mondiale, l'avion du lieutenant Maréchal et du capitaine de Boëldieu est abattu par le commandant von Rauffenstein, un aristocrate connaissant par hasard la famille du capitaine de Boëldieu. Les deux officiers français sont envoyés dans un camp en Allemagne. La Grande Illusion
21%
1989 En 1920, deux ans après la fin de la Première Guerre mondiale, le commandant Dellaplane (Philippe Noiret) est chargé de recenser les soldats disparus. Il croise deux femmes, Irène et Alice, l'une et l'autre à la recherche d'un proche La Vie et rien d'autre
21%
1918 Le film est divisé en deux parties distinctes, la première est composée de plusieurs saynètes caricaturant la vie des soldats dans les tranchées (inondations, charges, courrier...), alors que la seconde partie raconte la façon dont Charlot capture le Kaiser Charlot soldat
14%
1971 Joe Bonham est un jeune Américain plein d'enthousiasme. Il décide de s'engager pour aller combattre sur le front pendant la Première Guerre mondiale. Au cours d'une mission de reconnaissance, il est grièvement blessé par un obus et perd la parole, la vue, l'ouïe et l'odorat. On lui ampute ensuite les quatre membres alors qu'on croit qu'il n'est plus conscient. Johnny s'en va-t-en guerre
14%
2018 Durant l'été 1919, le juge militaire Lantier est envoyé dans une caserne militaire déserte d'une petite ville du Berry, pour interroger Jacques Morlac, un héros de la Première Guerre mondiale retenu prisonnier. Décoré de la Légion d’honneur pour ses exploits sur le front, il est pourtant emprisonné pour avoir déshonoré la nation. Le Collier rouge
14%
1997 Depuis octobre 1914, la première guerre mondiale s'enlise dans la guerre de position sur le front de l'Ouest. Fantassin au 60e régiment d'infanterie, Lucien Bersot, maréchal-ferrant et jeune père de famille, fait son devoir de citoyen au front. Il attend impatiemment sa prochaine permission pour revoir sa famille. Mais le destin, en a décidé autrement. Le Pantalon
14%
1957 En faisant miroiter un avancement, le général de division français Broulard incite son subordonné, l’ambitieux général de brigade Mireau à lancer un de ses régiments à l'assaut d'une position allemande très solide qui se trouve au sommet d'une colline, ceci sans renforts et avec peu de préparation d'artillerie. Les Sentiers de la gloire
14%
2009 En 1914, Théophile et Blanche Maupas forme un couple d'instituteurs en poste au Chefresne dans le Manche, lorsque la Première Guerre mondiale éclate. Théophile est alors mobilisé, incorporé au 336e régiment d'infanterie et envoyé sur le front de Champagne à Souain-Perthes-lès-Hurlus. Blanche Maupas
7%
2008 Le sergent Michael Dunne est le personnage principal. Lors du printemps 1917 après la bataille de la crête de Vimy, c'est un vétéran décoré du 10e bataillon. Renvoyé à la maison pour cause de neurasthénie, il rencontre Sarah Mann, une infirmière à Calgary, ville où il s'était engagé. La Bataille de Passchendaele
7%
1932 En France, pendant la Première Guerre mondiale, Gilbert Demachy, étudiant en droit, s'engage pour en découdre avec l'envahisseur allemand. La ligne de Front paraît stagner en Champagne. Terré dans les tranchées, chaque camp attend de passer à l'offensive.. Les Croix de bois
7%
1919 & 1938 Dans un village provençal, les villageois accueillent avec enthousiasme la déclaration de guerre avec l'Allemagne en 1914 et affluent pour s'enrôler. Parmi eux, François Laurin, un homme au tempérament violent, marié à Édith, la fille d'un soldat vétéran appelé Maria Lazare. J'accuse
0%
1932 & 1957 Le lieutenant Henry, Américain engagé auprès de l'armée italienne contre l'Autriche comme ambulancier, tombe amoureux d'une infirmière, qui ne lui dit pas qu'elle est enceinte et va, parce qu'elle est enceinte, être renvoyée de son service. Son ami et supérieur italien l'empêche de recevoir le courrier de sa bien-aimée. L'absence de nouvelles le pousse à déserter pour la retrouver, mais elle s'est réfugiée en Suisse, où la misère et l'isolement viennent à bout de ses forces… L'Adieu aux armes
0%
1925 James, un jeune et riche Américain, s'engage par bravade lors de la Première Guerre mondiale. Il se lie d'amitié avec deux soldats : "Slim" et "Bull". Une fois en France, ils sont cantonnés près d'un village. James tombe alors amoureux de Mélisande, une fermière. Plus tard, il sera blessé à la jambe lors des combats. La Grande Parade
0%
1966 En 1916 sur le front de l'Ouest, un caporal dans l'infanterie allemande, Bruno Stachel, est témoin depuis les tranchées des premiers combats aériens, qui font naître en lui un ardent désir de pouvoir un jour voler à son tour. Le Crépuscule des aigles
0%
1947 Pendant la Première Guerre mondiale, une jeune fiancée, Marthe, aide soignante dans un hôpital militaire, prend pour amant François, un lycéen, trop jeune pour rejoindre l'armée. À la suite d'un rendez-vous manqué sur un ponton, Marthe épousera son fiancé Jacques, Le Diable au corps
0%
1928 Denise Maury tombe amoureuse du lieutenant Herbillon, qui ne sait pas qu'elle est l'épouse de son capitaine. Le lieutenant meurt dans un combat aérien et finalement le mari délaissé retrouvera le bonheur avec son épouse. L'Equipage
0%
1936 Première Guerre mondiale, 1916, sur le Front en France : le capitaine Laroche commande une Compagnie du 39e régiment d'infanterie. Malade et diminué, il dirige pourtant avec poigne et rappelle aux soldats les hauts faits d'armes de ce régiment. Les Chemins de la gloire
0%
1930 Le film retrace la vie et la mort de quatre fantassins allemands sur le front français lors des derniers mois de la Première Guerre mondiale. Quatre de l'infanterie
0%
Aucun quiz correspondant
Distribution des résultats
% des personnes avec chaque résultat
Percentile par nombre de réponses
Votre historique - résultats
Vous n’avez pas pris ce quiz